Norwich City French Players - Statistics

General Stats
  • This quiz has been taken 9 times
  • The average score is 3 of 10
Answer Stats
Answer % Correct
Pierre Lees-Melou
100%
Antoine Sibierski
33%
Ibrahim Amadou
33%
Tony Andreu
33%
Cédric Anselin
17%
Julien Brellier
17%
Melvin Sitti
17%
Jean-Yves De Blasiis
0%
Marc Libbra
0%
Mathieu Louis-Jean
0%
No matching quizzes found
Score Distribution
Percent of People with Each Score
Percentile by Number Answered
Your Score History
You have not taken this quiz